Strojenije materii i chimičeskaja sviaz

Gespeichert in:
Bibliographische Detailangaben
1. Verfasser: Haberdietzl, W. (Verfasst von)
Format: Buch
Sprache:Russisch
Veröffentlicht: Moskva : Mir, 1974
Tags: Tag hinzufügen
Keine Tags, Fügen Sie das erste Tag hinzu!

MARC

LEADER 00000nam a22000003a 4500
001 stu234316
005 20150617230137.8
008 110913s1974------------------------rus-d
040 |a STU  |b slo 
041 0 |a rus 
080 |a 541.57 
100 1 |a Haberdietzl, W.  |4 aut 
245 1 |a Strojenije materii i chimičeskaja sviaz 
260 |a Moskva :  |b Mir,  |c 1974 
300 |a 296 s 
996 |b E34238  |c E*34238  |l EE10  |s P  |a 0  |w stu234316_0001